English Phonetics For Indian Students (Record no. 15)

MARC details
000 -LEADER
fixed length control field 00293nam a22001337a 4500
041 ## - LANGUAGE CODE
Language code of text/sound track or separate title ENG
100 ## - MAIN ENTRY--PERSONAL NAME
Personal name Balasubramanian.T
245 ## - TITLE STATEMENT
Title English Phonetics For Indian Students
250 ## - EDITION STATEMENT
Edition statement 3 Edition
260 ## - PUBLICATION, DISTRIBUTION, ETC. (IMPRINT)
Place of publication, distribution, etc Delhi
Name of publisher, distributor, etc Trinity
Date of publication, distribution, etc 2019
300 ## - PHYSICAL DESCRIPTION
Extent 242
650 ## - SUBJECT ADDED ENTRY--TOPICAL TERM
Topical term or geographic name as entry element English
856 ## - ELECTRONIC LOCATION AND ACCESS
Uniform Resource Identifier English
Holdings
Withdrawn status Lost status Source of classification or shelving scheme Damaged status Not for loan Home library Current library Shelving location Date acquired Cost, normal purchase price Barcode Date last seen Price effective from Koha item type
    Dewey Decimal Classification     College of Agricultural Engineering and Technology, Dapoli , Library College of Agricultural Engineering and Technology, Dapoli , Library General Stacks 09/10/2020 229.00 007397 09/10/2020 09/10/2020 Books

Contact Us: College of Agricultural Engineering and Technology, Dapoli, Dist.- Ratnagiri
Website: https://dbskkv.org Email: caetlibrary2015@gmail.com